00868nam a2200193 a 450000100100000000500170001000800410002702000150006804000250008308200130010810000410012124501760016226001140033830000280045250400300048070000360051095201110054699900170065700004148120201002034928.0131007s1994 sp a 000 0 spa d a8488044089 aDO-SdBNPbspacBNPHU axxxbxxx1 aPastor Rey de Viñas, Paloma96817010aHistoria de la Real fabrica de cristales de San Ildefonso durante la epoca de la ilustración :b(1727-1810) /cPaloma Pastor Rey de Viñas; prólogo, Eliseo de Pablos. a[Madrid] :bFundación Centro Nacional del VidriobConsejo Superior de Investigaciones Científicas,c1994. a847 p. :bil. ;c29 cm. aBibliografía p: 817-8471 aPablos, Eliseo deeprol.968171 001050718MOaGRbGRcCTd2013-10-07iLF1l0oxxx xxxp41481-10r2020-06-25w2020-06-25y1ZNo se presta c40971d40971